00000000nam##2200000za#4500
0019.578001
003CaOODSP
00520210624185859
007cr |||||||||||
008150406|1984||||xxc|||||o    f|0| 0 eng|d
022 |a1488-5379
040 |aCaOODSP|beng
043 |an-cn---
0861 |aFs97-6/1263E-PDF
1101 |aCanada. |bDepartment of Fisheries and Oceans.
24510|aBiology of the sediment-water interface – Report of the St. Andrews Biological Station's 75th Anniversary Benthic Workshop / |h[electronic resource]|cEdited by J.D. Wildish.
260 |aSt. Andrews - New Brunswick : |bFisheries and Oceans Canada |c1984.
300 |a41p.|breferences
4901 |aCanadian technical report of fisheries and aquatic sciences|x1488-5379|vNo. 1263
500 |aOn t.p.: Biological Station, St. Andrews, New Brunswick. The catalogue number and ISSN for the print edition appear in the PDF version.
546 |a(Résumé en français)
590 |a13-28-Supp|b2013-12-09
7201 |aWildish, D. J.
830#0|aCanadian technical report of fisheries and aquatic sciences,|x1488-5379|vNo. 1263|w(CaOODSP)9.504449
85640|ahttp://publications.gc.ca|qPDF|s2556 KB|uhttps://publications.gc.ca/collections/collection_2013/mpo-dfo/Fs97-6-1263-eng.pdf|yNo. 1263